Mathematical techniques in finance: (Record no. 199745)

MARC details
000 -LEADER
fixed length control field 00741nam a2200229Ia 4500
003 - CONTROL NUMBER IDENTIFIER
control field OSt
005 - DATE AND TIME OF LATEST TRANSACTION
control field 20220127093623.0
008 - FIXED-LENGTH DATA ELEMENTS--GENERAL INFORMATION
fixed length control field 210716s2006 xx 000 0 und d
020 ## - INTERNATIONAL STANDARD BOOK NUMBER
International Standard Book Number 8122417159
040 ## - CATALOGING SOURCE
Transcribing agency AIMIT LIBRARY
041 ## - LANGUAGE CODE
Language code of text/sound track or separate title eng
082 ## - DEWEY DECIMAL CLASSIFICATION NUMBER
Classification number 332.17
Edition number 1
Item number CERA
100 ## - MAIN ENTRY--PERSONAL NAME
Personal name Cerny, Ales.
9 (RLIN) 14803
245 ## - TITLE STATEMENT
Title Mathematical techniques in finance:
Remainder of title tools for incomplete markets /
Statement of responsibility, etc. by Ales Cerny.
250 ## - EDITION STATEMENT
Edition statement 1st ed.
260 ## - PUBLICATION, DISTRIBUTION, ETC.
Place of publication, distribution, etc. New Delhi:
Name of publisher, distributor, etc. New Age International Pvt Ltd
Date of publication, distribution, etc. 2006
260 ## - PUBLICATION, DISTRIBUTION, ETC.
Place of publication, distribution, etc. Bangladesh:
Name of publisher, distributor, etc. Princeton University Press,
Date of publication, distribution, etc. 2006.
300 ## - PHYSICAL DESCRIPTION
Extent xviii,378p.
Dimensions 23cm.
650 ## - SUBJECT ADDED ENTRY--TOPICAL TERM
Topical term or geographic name entry element Arbitrage and pricing in the one period model
9 (RLIN) 14804
650 ## - SUBJECT ADDED ENTRY--TOPICAL TERM
Topical term or geographic name entry element Towards continuous
9 (RLIN) 14805
942 ## - ADDED ENTRY ELEMENTS (KOHA)
Source of classification or shelving scheme Dewey Decimal Classification
Koha item type Book
Edition 1st
Call number prefix 332.17 CERA
Holdings
Withdrawn status Lost status Source of classification or shelving scheme Damaged status Not for loan Collection code Home library Current library Date acquired Cost, normal purchase price Inventory number Total Checkouts Full call number Barcode Date last seen Cost, replacement price Price effective from Koha item type
    Dewey Decimal Classification     MBA St Aloysius Institute of Management & Information Technology St Aloysius Institute of Management & Information Technology 11/24/2005 295.00 Bill no:230; Bill dt:2005-11-18   332.17 CERA MBA02310 05/23/2026 236.00 07/16/2021 Book